000 00657nas a2200241 4500
001 BR9403992
003 BR-BrBNA
005 20231205093628.0
007 ta
008 230509b bl.|||p| |||| 00| 00por d
040 _aBR-BrBNA
_bpor
_cBiblioteca Nacional de Agricultura
041 _a(Pt)
072 _aP01; T01
100 1 _aPorto, A.
245 1 _aSombra nas aguas
650 _aMeio Ambiente
650 _aPoluicao
650 _aLagoa dos Patos
650 _aRio Grande do Sul
773 0 _tGlobo Rural (Brazil)
_xISSN 0102-6178
_g(Feb 1993), v. 8(88) p. 48-52
_wBR9403992
909 _a202311
_bLúcia
_c55
_dLúcia Elande
942 _2AGRIS
_n0
_cANA
999 _c139549
_d139549